Eastward Ho?: (Record no. 184187)

MARC details
000 -LEADER
fixed length control field 00582nam a22001817a 4500
005 - DATE AND TIME OF LATEST TRANSACTION
control field 20220114110824.0
010 ## - LCCN (DPL NO)
LC control number ENG-131129
020 ## - INTERNATIONAL STANDARD BOOK NUMBER
International Standard Book Number 978-93-5442-054-2
Terms of availability 1650.00
035 ## - SYSTEM CONTROL NUMBER
System control number EN-114661
037 ## - SOURCE OF ACQUISITION
Source of stock number/acquisition DBAD
082 ## - DEWEY DECIMAL CLASSIFICATION NUMBER
Classification number 327.5405
245 ## - TITLE STATEMENT
Title Eastward Ho?:
Statement of responsibility, etc Edited by E. Sridharan
Remainder of title India's Relations with the Indo-Pacific/
260 ## - PUBLICATION, DISTRIBUTION, ETC. (IMPRINT)
Place of publication, distribution, etc Telangana
Name of publisher, distributor, etc Orient Blackswan Private Limited
Date of publication, distribution, etc 2020
270 ## - ADDRESS
City Telangana
Address 3-6-752 Himayatnagar
Postal code 500029
300 ## - PHYSICAL DESCRIPTION
Extent xxii, 487p.
Dimensions 23cm(hbk)
Other physical details Index
700 ## - ADDED ENTRY--PERSONAL NAME
Personal name Sridharan, E.
942 ## - ADDED ENTRY ELEMENTS (KOHA)
Source of classification or shelving scheme Dewey Decimal Classification
Item type English Books
Classification part 327.5405
Call number suffix SRI
Holdings
Withdrawn status Lost status Not for loan Collection code Home library Current library Date acquired Source of acquisition Cost, normal purchase price Full call number Barcode Copy number Cost, replacement price Koha item type
      Non-fiction Patel Nagar Patel Nagar 14/01/2022 DBAD/PUB 1650.00 327.5405 SRI EN-114661 1 1650.00 English Books

© Delhi Public Library
Hit Counter
free hit counter